| 000 | 00521nam a2200181Ia 4500 | ||
|---|---|---|---|
| 999 |
_c36787 _d36787 |
||
| 003 | OSt | ||
| 005 | 20200915115652.0 | ||
| 008 | 190216s9999||||xx |||||||||||||| ||und|| | ||
| 020 | _a9788130004181 | ||
| 040 | _coclc | ||
| 082 |
_a920 _bSYN/S |
||
| 100 |
_aSyndicate, IT Lokam Content _94591 |
||
| 245 | 0 |
_a111 Sastra Pratibhakal / _cIT Lokam Content Syndicate |
|
| 260 |
_bPoorna Pubs, _aKozhikode: _c2005. |
||
| 300 | _a111p | ||
| 650 | _aMalayalam | ||
| 942 |
_cREF _2ddc _h920 _iSYN/S _k920 _mSYN/S |
||